[Event "Hampstead U2200 Congress"]
[Site "London, England"]
[Date "2012.09.23"]
[Round "4"]
[White "Healey,Michael"]
[Black "Peiris,Gayan"]
[Result "0-1"]
[WhiteElo "2094"]
[BlackElo "2080"]

1.e4 c5 2.Nf3 d6 3.Nc3 Nf6 4.e5 dxe5 5.Nxe5 Nbd7 6.Nc4 a6 7.a4 e6 8.d3 Be7
9.Qf3 Nb6 10.Nxb6 Qxb6 11.a5 Qc7 12.Bf4 e5 13.Bg3 O-O 14.Be2 Bd7 15.Nd5 Nxd5
16.Qxd5 Bd6 17.O-O Be6 18.Qf3 f5 19.h3 f4 20.Bh2 Qf7 21.c4 Rad8 22.Rfd1 Bb8
23.Bf1 Rd7 24.Ra3 Rfd8 25.Rb1 Qg6 26.Rb3 Bxc4 27.Rxb7 Rxb7 28.Qxb7 Bd5 29.Qe7
Qd6 30.Qh4 h6 31.b4 cxb4 32.d4 g5 33.dxe5 Qg6 {#R} 0-1

[Event "Hampstead U2200 Congress"]
[Site "London, England"]
[Date "2012.09.23"]
[Round "4"]
[White "Mareckova,Martina"]
[Black "Sagues,Vincent"]
[WhiteElo "2081"]
[BlackElo "1960"]

1.e4 e6 2.d3 c5 3.g3 Nc6 4.Bg2 g6 5.Nc3 Bg7 6.Be3 d6 7.Qd2 Nge7 8.Bh6 O-O 9.h4
f6 10.Bxg7 Kxg7 11.f4 f5 12.Nf3 h5 13.O-O-O a6 14.d4 Qa5 15.d5 exd5 16.exd5
Na7 17.Rhe1 Kf6 18.Ne4+ {#r} *

[Event "Hampstead U2200 Congress"]
[Site "London, England"]
[Date "2012.09.23"]
[Round "4"]
[White "Oyama,Akito"]
[Black "Wong,Arturo"]
[Result "1-0"]
[WhiteElo "1856"]
[BlackElo "2070"]

1.e4 d6 2.d4 g6 3.Nc3 Bg7 4.f4 Nc6 5.Be3 Nf6 6.Be2 O-O 7.Qd2 e5 8.fxe5 dxe5
9.d5 Nd4 10.O-O-O Nxe2+ 11.Ngxe2 b5 12.Bc5 Re8 13.h3 a5 14.b4 axb4 15.Bxb4 Bd7
16.g4 Qc8 17.Ng3 c5 18.dxc6 Bxc6 19.g5 Nd7 20.h4 Nb6 21.h5 Qb7 22.hxg6 fxg6
23.Qh2 Bf8 24.Bxf8 Rxf8 25.Rd6 Rac8 26.Nh5 gxh5 27.g6 h6 28.g7 Rf4 29.Rxh6
Qxg7 30.Qxh5 Kf8 31.Rh8+ Ke7 32.Rh7 Qxh7 33.Qxe5+ Kd8 34.Rxh7 Rf1+ 35.Nd1 Nd7
36.Qd6 Rf8 37.e5 Rc7 38.e6 Re8 39.exd7 Bxd7 40.Nc3 Re1+ 41.Kb2 Kc8 42.Nxb5 Rb7
43.a4 Re2 44.Rh8+ Be8 45.Qc6+ Kd8 46.Qxb7 Rxc2+ 47.Kb3 Rc3+ 48.Kb4 Rc4+ 49.Ka5
Rxa4+ 50.Kb6 Ra6+ 51.Qxa6 {#r} 1-0

[Event "Hampstead U2200 Congress"]
[Site "London, England"]
[Date "2012.09.23"]
[Round "4"]
[White "Sloan,Cecil"]
[Black "Springett,Michael"]
[Result "0-1"]
[WhiteElo "1735"]
[BlackElo "1375"]

1.e4 c5 2.Nc3 g6 3.f4 d6 4.Nf3 Nc6 5.Bb5 Bg7 6.O-O Bd7 7.d3 Nf6 8.Qe1 O-O
9.Bxc6 Bxc6 10.Qh4 h5 11.Kh1 Qd7 12.e5 Bxf3 13.gxf3 dxe5 14.fxe5 Nd5 15.Ne4
Bxe5 16.Nxc5 Qc7 17.Ne4 Qxc2 18.f4 Qxd3 19.Ng3 Bf6 20.Qh3 h4 21.f5 hxg3
22.hxg3 Qe4+ 23.Kh2 Qe2+ 24.Kh1 Qh5 25.Qh2 Qxh2+ 26.Kxh2 Rfc8 27.fxg6 Rc2+
28.Kh3 fxg6 29.Bf4 Nxf4+ 30.Rxf4 Rxb2 31.Raf1 Rxa2 32.Kg4 Rb8 33.Rxf6 exf6
34.Rxf6 Kg7 35.Rd6 b5 36.Kg5 Kf7 37.Rf6+ Ke7 38.Rxg6 b4 39.Kf5 b3 {#R} 0-1

[Event "Hampstead U2200 Congress"]
[Site "London, England"]
[Date "2012.09.22"]
[Round "1"]
[White "Pirau,Horatiu"]
[Black "Sloan,Cecil"]
[Result "1-0"]
[WhiteElo "2149"]
[BlackElo "1735"]

1.c4 Nf6 2.Nc3 g6 3.Nf3 Bg7 4.g3 d6 5.Bg2 O-O 6.O-O Nc6 7.Rb1 e5 8.d3 Bg4 9.h3
Bd7 10.b4 Qc8 11.Kh2 Re8 12.b5 Nd4 13.Nd2 Ne6 14.Nf3 Nd4 15.Ne1 Ne6 16.Bd2 Nc5
17.Qc1 Bf5 18.Nc2 Be6 19.Nb4 Qd7 20.Bg5 Rab8 21.Nbd5 Nxd5 22.cxd5 Bf5 23.e4
Bxe4 24.dxe4 f5 25.Be3 Nxe4 26.Nxe4 fxe4 27.Bxe4 {#r} 1-0

[Event "Hampstead U2200 Congress"]
[Site "London, England"]
[Date "2012.09.22"]
[Round "1"]
[White "Dixit,Kumar"]
[Black "Dargan,Paul"]
[Result "0-1"]
[WhiteElo "1876"]
[BlackElo "2148"]

1.d4 Nf6 2.Nf3 c5 3.e3 d5 4.c4 e6 5.Nc3 Nc6 6.Bd3 cxd4 7.exd4 Be7 8.O-O O-O
9.Bf4 Nb4 10.Be2 dxc4 11.Bxc4 b6 12.Qe2 Bb7 13.Rfe1 Rc8 14.a3 Bxf3 15.gxf3
Nfd5 16.Be5 Nxc3 17.bxc3 Nc2 18.Bxe6 Rxc3 19.Rac1 Nxd4 20.Bxd4 Rxc1 21.Rxc1
Qxd4 22.Rc7 Qd6 23.Rd7 Qxe6 24.Rxe7 Qxe2 25.Rxe2 g6 26.Re7 a5 27.Rb7 Rc8
28.Rxb6 Rc3 29.a4 Ra3 30.Ra6 Rxa4 31.Kg2 Ra1 32.Ra7 Kg7 33.Ra6 a4 34.Ra7 a3
35.Ra6 h5 36.Ra4 Kf6 37.Ra5 Ke6 38.Ra7 Kd5 39.Ra5+ Kc4 40.Ra7 Kb3 41.Rb7+ Ka2
42.Rxf7 Rb1 43.Ra7 Rb3 44.Ra6 Kb2 45.Rxg6 a2 46.Ra6 Ra3 47.Rb6+ Kc3 48.Rc6+
Kd4 49.Rc1 a1=Q 50.Rxa1 Rxa1 51.Kg3 Rg1+ 52.Kf4 h4 {#R} 0-1

[Event "Hampstead U2200 Congress"]
[Site "London, England"]
[Date "2012.09.22"]
[Round "1"]
[White "Hasman,Cengiz"]
[Black "Oyama,Akito"]
[Result "1/2-1/2"]
[WhiteElo "2132"]
[BlackElo "1856"]

1.d4 Nf6 2.c4 e6 3.Nc3 Bb4 4.Qc2 d5 5.a3 Bxc3+ 6.Qxc3 Ne4 7.Qc2 O-O 8.e3 f5
9.Bd3 Bd7 10.Nf3 Be8 11.Qb3 Nc6 12.O-O Rb8 13.Qc2 Bh5 14.Ne1 Qf6 15.b4 Ne7
16.Bb2 c6 17.a4 f4 18.exf4 Qxf4 19.g3 Qh6 20.Bxe4 dxe4 21.Qxe4 Nf5 22.f4 Nd6
23.Qc2 g5 24.Ng2 Qg6 25.Rac1 Qxc2 26.Rxc2 Bg6 27.Rc3 b5 28.axb5 cxb5 29.c5 Nc4
30.Bc1 Rbd8 31.Rd1 Bh5 32.Re1 Rxd4 33.Rxe6 a5 34.bxa5 b4 35.Rb3 Nxa5 36.Rb1
Bg6 37.Be3 Bxb1 38.Bxd4 Rd8 39.Rd6 Rxd6 40.cxd6 Kf7 41.fxg5 b3 42.Ne3 Ke6
43.Bc3 Nb7 44.Nc4 Nxd6 45.Nxd6 Kxd6 46.Kf2 Kc5 47.Ke3 Bf5 48.Kf4 Kc4 49.Bb2
Bg6 50.Ke3 Kd5 {#d} 1/2-1/2

[Event "Hampstead U2200 Congress"]
[Site "London, England"]
[Date "2012.09.22"]
[Round "1"]
[White "Jain,Gautam"]
[Black "Soon,Wai Cheong"]
[Result "0-1"]
[WhiteElo "1855"]
[BlackElo "2107"]

1.e4 c5 2.Nc3 Nc6 3.f4 e6 4.Bc4 Nge7 5.Qe2 Nd4 6.Qd1 d5 7.Bb3 b5 8.a3 Nxb3
9.cxb3 d4 10.Nce2 d3 11.Nc3 Bb7 12.Nf3 b4 13.axb4 cxb4 14.Na2 a5 15.e5 Ng6
16.O-O Nxf4 17.Qe1 Bc5+ 18.Kh1 O-O 19.Qg3 Ng6 20.Ne1 Be4 21.Qg4 Qd5 22.Nc3
bxc3 23.dxc3 Nxe5 24.Qg3 d2 25.Bxd2 Qxd2 26.Qxe5 Qe2 27.Nf3 Bxf3 {#R} 0-1

[Event "Hampstead U2200 Congress"]
[Site "London, England"]
[Date "2012.09.22"]
[Round "1"]
[White "Levene,Joseph"]
[Black "Cetens,Edward"]
[Result "1/2-1/2"]
[WhiteElo "2095"]
[BlackElo "1835"]

1.e4 c5 2.Nc3 e6 3.f4 Be7 4.Nf3 b6 5.g3 Bb7 6.Bg2 Nf6 7.d3 d5 8.e5 Nfd7 9.O-O
Nc6 10.Ne2 b5 11.c3 c4 12.d4 b4 13.Bd2 bxc3 14.bxc3 Nb6 15.Qb3 g6 16.h3 h5
17.g4 hxg4 18.hxg4 Nd7 19.f5 gxf5 20.gxf5 {#d} 1/2-1/2

[Event "Hampstead U2200 Congress"]
[Site "London, England"]
[Date "2012.09.22"]
[Round "1"]
[White "Bispham,John"]
[Black "Healey,Michael"]
[Result "0-1"]
[WhiteElo "1826"]
[BlackElo "2094"]

1.d4 Nf6 2.c4 Nc6 3.Nf3 e6 4.Nc3 Bb4 5.a3 Bxc3+ 6.bxc3 h6 7.Qc2 d6 8.e4 Qe7
9.Bd3 e5 10.d5 Nb8 11.h3 Nbd7 12.O-O O-O 13.Be3 b6 14.Nd2 Re8 15.f4 exf4
16.Bxf4 Ne5 17.Rae1 Nfd7 18.Bxe5 Nxe5 19.Nf3 Bd7 20.Nxe5 Qxe5 21.Rf3 f5 22.Re2
f4 23.Ref2 Rf8 24.Qd2 g5 25.Bc2 Rae8 26.Qd4 g4 27.Qxe5 dxe5 28.Rd3 gxh3
29.gxh3 Kf7 30.Kh2 Rg8 31.Bd1 Ke7 32.Bh5 Ref8 33.Rfd2 Kd6 34.Bd1 Rf6 35.Bh5
Kc5 36.d6 c6 37.Be2 Rfg6 38.Bg4 Rd8 39.Kg2 h5 {#R} 0-1

[Event "Hampstead U2200 Congress"]
[Site "London, England"]
[Date "2012.09.22"]
[Round "1"]
[White "Orishko,Yaroslav"]
[Black "Perrin,Jonathan"]
[Result "1-0"]
[WhiteElo "2089"]
[BlackElo "1786"]

1.d4 f5 2.c4 Nf6 3.Nf3 e6 4.g3 d5 5.Bg2 c6 6.cxd5 exd5 7.O-O Bd6 8.Nc3 O-O
9.Bf4 Bxf4 10.gxf4 Nh5 11.e3 Nd7 12.b4 Nb6 13.b5 Bd7 14.bxc6 Bxc6 15.Ne5 Qh4
16.a4 Rad8 17.a5 Nc8 18.a6 Rf6 19.Qb3 Rh6 20.Nf3 Qe7 21.Ne5 Qh4 22.axb7 Bxb7
23.Qxb7 Nxf4 24.Nf3 Nh3+ 25.Kh1 Nxf2+ 26.Rxf2 Qxf2 27.Nxd5 Nd6 28.Qc7 Rf8
29.Rxa7 Qg3 30.Kg1 Qg4 31.Ra1 Nf7 32.Nf4 Ng5 33.Qc4+ Kh8 34.Nxg5 Qxg5 35.Re1
Qe7 36.d5 Rd8 37.Ne6 Re8 38.Qf4 Rf6 39.h4 Qa3 {#r} 1-0

[Event "Hampstead U2200 Congress"]
[Site "London, England"]
[Date "2012.09.22"]
[Round "1"]
[White "Wei,Naomi"]
[Black "Mareckova,Martina"]
[Result "0-1"]
[WhiteElo "1780"]
[BlackElo "2081"]

1.d4 Nf6 2.Nf3 g6 3.Bf4 Bg7 4.Nc3 d6 5.e4 O-O 6.Be2 c6 7.Qd2 b5 8.e5 Ne8 9.Ne4
d5 10.Nc5 a5 11.Bh6 Na6 12.Nxa6 Bxa6 13.Bxg7 Kxg7 14.a3 Bb7 15.h4 Nc7 16.h5
Rh8 17.h6+ Kf8 18.Ng5 Bc8 19.Qf4 f6 20.Bd3 Ne6 21.Nxe6+ Bxe6 22.g4 Kf7 23.g5
f5 24.Qd2 b4 25.O-O Qb6 26.c3 Rhb8 27.Rab1 c5 28.Qe3 Rc8 29.Rfc1 Rab8 30.Bf1
bxc3 31.dxc5 Qxc5 32.Qxc5 Rxc5 33.bxc3 Rxb1 34.Rxb1 Rxc3 35.Rb8 Bc8 36.Ra8 Ke6
37.f4 d4 38.Rxa5 d3 39.Kf2 d2 40.Ke2 Rc1 41.Kxd2 Rxf1 42.Ra4 Rf3 43.Ke2 Rb3
44.Kf2 Kd5 45.Ke2 Kc5 {#R} 0-1

[Event "Hampstead U2200 Congress"]
[Site "London, England"]
[Date "2012.09.22"]
[Round "1"]
[White "Peiris,Gayan"]
[Black "Georgiev,Ivan"]
[Result "1-0"]
[WhiteElo "2080"]
[BlackElo "1775"]

1.e4 e6 2.d3 d5 3.Qe2 Nf6 4.Nf3 Be7 5.g3 b6 6.e5 Nfd7 7.Bg2 c5 8.O-O Bb7 9.c3
Nc6 10.Re1 b5 11.h4 Qc7 12.Bf4 h6 13.Nbd2 a5 14.Nf1 c4 15.d4 b4 16.g4 h5
17.gxh5 Rxh5 18.Ng3 Rh8 19.h5 O-O-O 20.Ng5 Rdf8 21.Qg4 Nd8 22.Bd2 Rfg8 23.f4
g6 24.Kf2 gxh5 25.Nxh5 Qb6 26.Rab1 a4 27.Rh1 b3 28.a3 Bxg5 29.fxg5 Nxe5 30.Qg3
Nd7 31.Bf4 Nc6 32.Nf6 Nxf6 33.Rxh8 Rxh8 34.gxf6 Qd8 35.Qg7 Qf8 36.Rh1 Rg8
37.Rh7 Rxg7 38.fxg7 Kd7 39.gxf8=Q {#r} 1-0

[Event "Hampstead U2200 Congress"]
[Site "London, England"]
[Date "2012.09.22"]
[Round "1"]
[White "Buyandalai,Tumen"]
[Black "Haldane,Robin"]
[Result "1-0"]
[WhiteElo "2055"]
[BlackElo "2099"]

1.e4 e5 2.Nc3 Nf6 3.d3 Bc5 4.h3 c6 5.g4 h6 6.Bg2 d6 7.Nge2 b5 8.Be3 Bxe3
9.fxe3 b4 10.Na4 d5 11.exd5 cxd5 12.Qd2 Qa5 13.b3 Bd7 14.a3 Nc6 15.O-O Rc8
16.d4 Ne4 17.Bxe4 dxe4 18.Nc5 Rc7 19.axb4 Qxb4 20.c3 Qb5 21.Ng3 O-O 22.Ngxe4
exd4 23.exd4 f6 24.Qf4 Qb6 25.Ra6 Qb8 26.Nxd7 Rxd7 27.Rxc6 Qb7 28.Re6 Qd5
29.Nc5 {#r} 1-0

[Event "Hampstead U2200 Congress"]
[Site "London, England"]
[Date "2012.09.22"]
[Round "1"]
[White "Cannon,Richard"]
[Black "Rogal,Chris"]
[Result "1-0"]
[WhiteElo "2071"]
[BlackElo "1721"]

1.e4 g6 2.d4 d6 3.Nf3 Bg7 4.Bc4 Nf6 5.e5 dxe5 6.Nxe5 O-O 7.O-O c6 8.a4 Nbd7
9.f4 e6 10.Nc3 Nb6 11.Bb3 Nbd5 12.a5 Qc7 13.Qe1 a6 14.Na4 Nd7 15.c4 N5f6
16.Bd2 Re8 17.Bc3 b5 18.axb6 Nxb6 19.Ba5 Rb8 20.Nxb6 Rxb6 21.c5 Qd8 22.Bxb6
Qxd4+ 23.Qf2 Qb4 24.Qf3 Qd4+ 25.Kh1 Bb7 26.Rfd1 Qxb2 27.Ra2 {#r} 1-0

[Event "Hampstead U2200 Congress"]
[Site "London, England"]
[Date "2012.09.22"]
[Round "1"]
[White "Kalaiyalahan,Akshaya"]
[Black "Chakanyuka,Charles"]
[Result "1/2-1/2"]
[WhiteElo "1711"]
[BlackElo "2071"]

1.e4 d6 2.d4 Nf6 3.Nc3 c6 4.Be3 Qa5 5.Qd2 e5 6.Nf3 Nbd7 7.Be2 Be7 8.h3 O-O
9.O-O Re8 10.Nh2 Bf8 11.Rae1 Qc7 12.Ng4 exd4 13.Qxd4 b5 14.Bg5 Be7 15.Ne3 h6
16.Bf4 Ne5 17.Bh2 b4 18.Qxb4 Rb8 19.Qd4 c5 20.Qa4 Bd7 21.Qa3 Qb7 22.b4 Nxe4
23.Ba6 Qa8 24.Ncd5 Nd2 25.Bxe5 dxe5 26.Nc7 Qc6 27.Nxe8 Nxf1 28.Bxf1 Rxe8
29.Nc4 f6 30.Qxa7 Ra8 31.Qb6 Rxa2 32.Qxc6 Bxc6 33.Bd3 Kf7 34.f3 Bd5 35.Kf2 Bd8
36.Ke3 Bc7 37.h4 g6 38.h5 g5 39.g4 Ke7 40.Rd1 Be6 41.Nd2 Bb6 42.Nc4 Bc7 43.Nd2
Bb6 44.Ke2 {#d} 1/2-1/2

[Event "Hampstead U2200 Congress"]
[Site "London, England"]
[Date "2012.09.22"]
[Round "1"]
[White "Wong,Arturo"]
[Black "Torrance,John"]
[Result "1-0"]
[WhiteElo "2070"]
[BlackElo "1707"]

1.e4 c5 2.Nf3 e6 3.Nc3 a6 4.g3 Nc6 5.Bg2 d6 6.O-O Nf6 7.d3 Be7 8.Re1 O-O 9.e5
Ne8 10.exd6 Nxd6 11.Bf4 Bd7 12.Ne5 Nxe5 13.Bxe5 Bc6 14.Bxc6 bxc6 15.Bxd6 Qxd6
16.Qf3 Rab8 17.Rab1 Bf6 18.Ne4 Qd5 19.Nxf6+ gxf6 20.Qxf6 Qd4 21.Re5 Rfe8 22.b3
Rbd8 23.Qg5+ Kf8 24.Rxc5 Rd5 25.Qh6+ Kg8 26.Rc4 Qg7 27.Qxg7+ Kxg7 28.Rxc6 a5
29.Re1 Kf6 30.Re4 h5 31.Rc7 e5 32.f4 Kg6 33.fxe5 Rdxe5 34.Rxe5 Rxe5 35.Kf2
Rf5+ 36.Kg2 Re5 37.a3 f5 38.Kf3 Re1 39.Rc6+ Kg7 40.Kf4 Re2 41.h4 Rf2+ 42.Kg5
Rf3 43.Rc7+ Kf8 44.b4 axb4 45.axb4 Rxg3+ 46.Kxf5 Rg4 47.Rc4 Rg1 48.b5 Rb1
49.Kf6 Ke8 50.Ke6 Kd8 51.Rd4+ Kc7 52.c4 Kb6 53.Kd5 Rd1 54.Kd6 Rd2 55.Rd5 Rg2
56.Rxh5 Rg6+ 57.Kd5 Rg3 58.Rh6+ Kb7 59.d4 {#r} 1-0

[Event "Hampstead U2200 Congress"]
[Site "London, England"]
[Date "2012.09.22"]
[Round "1"]
[White "Sonnis,Steve"]
[Black "Warman,Simon"]
[Result "0-1"]
[WhiteElo "1668"]
[BlackElo "2067"]

1.e4 c5 2.f4 e6 3.Nf3 d5 4.Nc3 d4 5.Bb5+ Nc6 6.Ne2 Nf6 7.d3 Qa5+ 8.Nc3 dxc3
9.Bxc6+ bxc6 10.b3 Be7 11.O-O O-O 12.Qe1 Bb7 13.Qg3 Rad8 14.f5 exf5 15.exf5
Kh8 16.Bg5 Nh5 17.Qh3 Bxg5 18.Nxg5 Nf6 19.Rf4 Rd4 20.Ne4 Nxe4 21.dxe4 Qd8
22.Rh4 Rd1+ 23.Rxd1 Qxd1+ 24.Kf2 Qd2+ 25.Kf1 Ba6+ {#R} 0-1

[Event "Hampstead U2200 Congress"]
[Site "London, England"]
[Date "2012.09.22"]
[Round "1"]
[White "Verma,Aditya"]
[Black "Rogers,Tim"]
[Result "1/2-1/2"]
[WhiteElo "1635"]
[BlackElo "2010"]

1.e4 c6 2.d4 d5 3.Nd2 dxe4 4.Nxe4 Nd7 5.Nf3 Ngf6 6.Nxf6+ Nxf6 7.Bd3 Bg4 8.c3
e6 9.O-O Be7 10.h3 Bh5 11.Bg5 Qd5 12.Bxf6 Bxf3 13.Qxf3 Qxf3 14.gxf3 Bxf6 15.a4
a5 16.Rfb1 O-O-O 17.b4 axb4 18.Rxb4 Kc7 19.Rab1 Rb8 20.a5 g6 {#d} 1/2-1/2

[Event "Hampstead U2200 Congress"]
[Site "London, England"]
[Date "2012.09.22"]
[Round "1"]
[White "Dickens,Rupert"]
[Black "Cavendish,Joshua"]
[Result "1/2-1/2"]
[WhiteElo "2005"]
[BlackElo "1624"]

1.f4 e5 2.fxe5 d6 3.Nf3 Bg4 4.Nc3 Nc6 5.e4 dxe5 6.Bb5 Bc5 7.Bxc6+ bxc6 8.d3
Rb8 9.Qe2 Ne7 10.Rb1 Ng6 11.h3 Be6 12.g3 f6 13.Kf1 Qd7 14.Kg2 Bd4 15.Nxd4 exd4
16.Na4 Qd6 17.b3 O-O 18.Bd2 f5 19.Rhf1 fxe4 20.dxe4 c5 21.Rxf8+ Rxf8 22.Rf1
Rxf1 23.Qxf1 a6 24.Kh2 Qc6 25.Qe2 c4 26.Bb4 Ne5 27.Nc5 Bf7 28.bxc4 Bxc4 29.Qf2
h6 {#d} 1/2-1/2

[Event "Hampstead U2200 Congress"]
[Site "London, England"]
[Date "2012.09.22"]
[Round "1"]
[White "Chellappah,Kuhan"]
[Black "Dydak,Mateusz"]
[Result "0-1"]
[WhiteElo "1615"]
[BlackElo "1996"]

1.d4 f5 2.c4 Nf6 3.Nf3 g6 4.g3 Bg7 5.Bg2 d6 6.O-O O-O 7.b3 c6 8.Nc3 Qe8 9.Qc2
Na6 10.Ba3 Bd7 11.Rad1 h6 12.c5 d5 13.Ne5 Nc7 14.h3 Ne4 15.g4 Nxc3 16.Qxc3 Nb5
17.Qc1 Nxa3 18.Qxa3 Bxe5 19.dxe5 fxg4 20.hxg4 Bxg4 21.Qb2 Qf7 22.Rd4 Qe6 23.f3
Bh5 24.Rh4 Qf5 25.Bh3 Qg5+ {#R} 0-1

[Event "Hampstead U2200 Congress"]
[Site "London, England"]
[Date "2012.09.22"]
[Round "1"]
[White "Staples,Daniel"]
[Black "Zhou,Yang-Jian"]
[Result "1-0"]
[WhiteElo "1996"]
[BlackElo "1603"]

1.e4 c5 2.Nf3 g6 3.c3 Bg7 4.d4 cxd4 5.cxd4 d5 6.Bb5+ Bd7 7.Bxd7+ Qxd7 8.exd5
Qxd5 9.Nc3 Qe6+ 10.Be3 Nf6 11.O-O O-O 12.d5 Qd6 13.Qb3 b6 14.Rfd1 Na6 15.Rac1
Ng4 16.Bd4 Nc5 17.Qa3 Bh6 18.Rc2 Bf4 19.g3 Ne5 20.Nxe5 Bxe5 21.Bxc5 Qxc5
22.Qxc5 bxc5 23.Na4 Rab8 24.b3 Bd6 25.Nxc5 Rfc8 26.Rdc1 Rb5 27.Ne4 Rxc2
28.Rxc2 Rxd5 29.Nxd6 exd6 30.Rc8+ Kg7 31.Ra8 a5 32.Kg2 Kf6 33.Ra6 Ke5 34.Kf3
Kd4 35.Rc6 Kd3 36.g4 f5 37.g5 Kd2 38.Rc7 Rd3+ 39.Kg2 Rd4 40.h3 Rh4 41.Kg3 Rh5
42.f4 h6 43.gxh6 Rxh6 44.Ra7 d5 45.Rd7 Kc3 46.Rxd5 Kb4 47.Rd4+ Kb5 48.Rd6 Kc5
49.Ra6 Kb4 50.a4 Kxb3 51.Rxa5 Kb4 52.Ra6 Kc5 53.h4 Kb4 54.h5 Rxh5 55.Rxg6 Kxa4
56.Rg5 Rh8 57.Rxf5 Kb4 58.Rd5 Kc4 59.Rd7 Rg8+ 60.Kh4 Kc5 61.f5 Kc6 62.Rd1 Kc7
63.Kh5 Rg2 64.Kh6 {#r} 1-0

[Event "Hampstead U2200 Congress"]
[Site "London, England"]
[Date "2012.09.22"]
[Round "1"]
[White "Ramaiya,Anshu"]
[Black "Giles,Yasmin"]
[Result "1/2-1/2"]
[WhiteElo "1575"]
[BlackElo "1970"]

1.e4 c6 2.d4 d5 3.exd5 cxd5 4.Nf3 Nf6 5.Bb5+ Bd7 6.Bxd7+ Nbxd7 7.O-O e6 8.Bf4
Nb6 9.c3 Bd6 10.Bxd6 Qxd6 11.Nbd2 Nfd7 12.Qc2 Rc8 13.Rfe1 h6 14.h3 O-O 15.Rad1
Nc4 16.a3 Ndb6 17.Rb1 Rfe8 18.Ne5 Nxe5 19.Rxe5 Nc4 20.Nxc4 Rxc4 21.Kh1 Qc7
22.Qd2 Qe7 23.Rbe1 Rd8 24.f4 Qf6 25.Rf1 Rc7 26.Qd3 Qe7 27.f5 f6 28.Rxe6 Qf7
29.Rfe1 Kh7 30.Qg3 Rdd7 31.R1e2 Qh5 32.Qg6+ {#d} 1/2-1/2

[Event "Hampstead U2200 Congress"]
[Site "London, England"]
[Date "2012.09.22"]
[Round "1"]
[White "Sagues,Vincent"]
[Black "Saravanan,Karthik"]
[Result "1-0"]
[WhiteElo "1960"]
[BlackElo "1565"]

1.e4 c5 2.Nf3 d6 3.d4 cxd4 4.Nxd4 Nf6 5.Nc3 a6 6.Be2 e5 7.Nb3 Be6 8.Bg5 Be7
9.Bxf6 Bxf6 10.Nd5 Bxd5 11.Qxd5 O-O 12.Qxb7 Nd7 13.Rd1 Be7 14.O-O f5 15.exf5
Rxf5 16.Bg4 Rf7 17.Qxd7 Qb6 18.Be6 Rf8 19.Qxe7 Qb8 20.Bxf7+ Rxf7 21.Qxd6 Qxd6
22.Rxd6 Ra7 23.Rfd1 Kf7 24.Rd7+ Rxd7 25.Rxd7+ Kf6 26.Rd6+ Kf5 27.Rxa6 g5
28.Nd2 h5 29.f3 h4 30.Kf2 Kf4 31.g3+ hxg3+ 32.hxg3+ Kf5 33.Nf1 e4 34.Ra5+ Kg6
35.g4 Kf6 36.fxe4 Ke6 37.Ke3 Kf6 38.Kd4 Kg6 39.Ra6+ Kf7 40.Ke5 Ke7 41.Ra7+ Kd8
42.Ke6 Kc8 43.Kd6 Kb8 44.Rh7 Kc8 45.Rg7 Kb8 46.Kc6 Ka8 47.Kb6 Kb8 48.Rg8# {#r}
1-0

[Event "Hampstead U2200 Congress"]
[Site "London, England"]
[Date "2012.09.22"]
[Round "1"]
[White "Ivanov,Elizabeth"]
[Black "Vlcek,Marek"]
[Result "0-1"]
[WhiteElo "1498"]
[BlackElo "1952"]

1.e4 d5 2.exd5 Nf6 3.d4 Nxd5 4.Nf3 g6 5.Bc4 Bg7 6.c3 O-O 7.O-O Nb6 8.Bb3 Nc6
9.a3 Bg4 10.Bg5 Qd7 11.Nbd2 e5 12.d5 Nxd5 13.Ne4 Nb6 14.Qe2 Qf5 15.Ned2 Bxf3
16.Nxf3 e4 17.Nd2 Qxg5 18.Nxe4 Qh4 19.g3 Qe7 20.Rfe1 Kh8 21.Qd2 Na5 22.Ba2
Nac4 23.Qc1 Ne5 24.Kg2 Nd3 25.Nd2 Nxe1+ 26.Qxe1 Qxe1 27.Rxe1 Rfe8 28.Rxe8+
Rxe8 29.Bxf7 Re2 30.Nf3 Rxb2 31.Be6 Bxc3 32.Ng5 Bd4 33.Ne4 c5 34.h4 c4 35.a4
Re2 36.Kf3 Ra2 37.g4 c3 38.Bxa2 c2 39.h5 c1=Q 40.hxg6 hxg6 41.g5 Qa3+ 42.Kf4
Qxa2 43.Nd6 Qxf2+ 44.Kg4 Qg2+ 45.Kh4 Bf2# {#R} 0-1

[Event "Hampstead U2200 Congress"]
[Site "London, England"]
[Date "2012.09.22"]
[Round "1"]
[White "Hayward,Alan"]
[Black "Whitworth,Michael"]
[Result "1/2-1/2"]
[WhiteElo "1944"]
[BlackElo "1495"]

1.d4 d5 2.Nc3 Nf6 3.Bg5 e6 4.e4 dxe4 5.f3 e3 6.Bxe3 Be7 7.Bd3 Nd5 8.Nxd5 exd5
9.Ne2 O-O 10.O-O Nd7 11.Ng3 Re8 12.Qd2 c6 13.Rae1 Nf6 14.Nf5 Bxf5 15.Bxf5 h6
16.Re2 Bd6 17.Rfe1 Qc7 18.g4 Re7 19.Bxh6 Rxe2 20.Rxe2 g6 21.Qg5 Nh7 22.Qh4 c5
23.c3 cxd4 24.cxd4 Qc4 25.Qf2 Qc7 26.Bd3 Rc8 27.Rc2 Qd7 28.Rxc8+ Qxc8 29.Qc2
Qe6 30.Qe2 Qf6 31.Be3 Ng5 32.Bxg5 Qxg5 33.Qf2 Qc1+ 34.Kg2 Qg5 35.Kg1 Qc1+ {#d}
1/2-1/2

[Event "Hampstead U2200 Congress"]
[Site "London, England"]
[Date "2012.09.22"]
[Round "1"]
[White "Nayak,Raghav"]
[Black "Sabin,Frank"]
[Result "0-1"]
[WhiteElo "1455"]
[BlackElo "1940"]

1.e4 c5 2.Nc3 Nc6 3.f4 d6 4.Nf3 g6 5.Bc4 e6 6.O-O Bg7 7.a3 Nge7 8.Qe1 a6 9.a4
Bd7 10.Qg3 Qc7 11.Ng5 Nd4 12.Rf2 h6 13.Nf3 O-O-O 14.Rb1 Qb6 15.Bd3 Nxf3+
16.Qxf3 {#R} 0-1

[Event "Hampstead U2200 Congress"]
[Site "London, England"]
[Date "2012.09.22"]
[Round "1"]
[White "Moss,Guy"]
[Black "Herschmann,Heinz"]
[Result "1-0"]
[WhiteElo "1935"]
[BlackElo "1380"]

1.e4 e5 2.Nf3 d6 3.d4 exd4 4.Nxd4 Be7 5.Nc3 Nf6 6.Be2 O-O 7.Be3 Bd7 8.O-O Nc6
9.f4 h6 10.Bf3 Nxd4 11.Bxd4 c5 12.Bf2 Bc6 13.Kh1 b5 14.e5 Bxf3 15.Qxf3 dxe5
16.fxe5 Nh7 17.Nxb5 Qb6 18.Nc3 Qxb2 19.Nd5 Bd8 20.Bxc5 Ng5 21.Qd3 Re8 22.Bd6
Qb7 23.Rab1 Qd7 24.c4 Rc8 25.c5 Be7 26.Bxe7 Rxe7 27.Nxe7+ Qxe7 28.Qd6 Qc7
29.Qxc7 Rxc7 30.Rfc1 Ne6 31.c6 Kf8 32.Rb7 Ke7 33.Rd1 Ke8 34.Rxc7 Nxc7 35.Rd7
Nb5 36.Rb7 a6 37.a4 {#r} 1-0

[Event "Hampstead U2200 Congress"]
[Site "London, England"]
[Date "2012.09.22"]
[Round "1"]
[White "Springett,Michael"]
[Black "Kennedy,Craig"]
[Result "0-1"]
[WhiteElo "1375"]
[BlackElo "1931"]

1.d4 d5 2.Nf3 Nf6 3.e3 g6 4.c4 Bg7 5.Nc3 O-O 6.cxd5 Nxd5 7.e4 Nxc3 8.bxc3 c5
9.Bc4 Bg4 10.Be3 Bxf3 11.gxf3 Qa5 12.Qd2 Nc6 13.Rd1 Rfd8 14.h4 cxd4 15.cxd4
Qxd2+ 16.Rxd2 Nxd4 17.Bxd4 Bxd4 18.Ke2 Bf6 19.h5 Rxd2+ 20.Kxd2 Rd8+ 21.Ke2 Kg7
22.hxg6 hxg6 23.Rd1 Rc8 24.Bb3 Rc7 25.Kd3 Be5 26.Ke3 g5 27.Rg1 Bf4+ 28.Kd4 Kf6
29.Rh1 Be5+ 30.Ke3 Bf4+ 31.Kd4 Rd7+ 32.Kc5 Ke5 33.Rh7 e6 34.Ba4 Rc7+ 35.Kb5
Kd6 36.a3 Bd2 {#R} 0-1

[Event "Hampstead U2200 Congress"]
[Site "London, England"]
[Date "2012.09.22"]
[Round "2"]
[White "Warman,Simon"]
[Black "Pirau,Horatiu"]
[Result "1-0"]
[WhiteElo "2067"]
[BlackElo "2149"]

1.e4 Nf6 2.e5 Nd5 3.Nc3 e6 4.Nf3 d6 5.Nxd5 exd5 6.d4 Be7 7.Bd3 O-O 8.O-O Bg4
9.h3 Bh5 10.Re1 dxe5 11.Rxe5 Bg6 12.c4 Nd7 13.Bxg6 Nxe5 14.Bxh7+ Kxh7 15.Nxe5
c6 16.c5 {#r} 1-0

[Event "Hampstead U2200 Congress"]
[Site "London, England"]
[Date "2012.09.22"]
[Round "2"]
[White "Dargan,Paul"]
[Black "Buyandalai,Tumen"]
[Result "1-0"]
[WhiteElo "2148"]
[BlackElo "2055"]

1.e4 e6 2.d4 c5 3.c3 b6 4.Nf3 Bb7 5.Bd3 g6 6.O-O Bg7 7.Bg5 Ne7 8.Nbd2 d6 9.e5
dxe5 10.Bb5+ Bc6 11.Bxc6+ Nbxc6 12.Qa4 f6 13.Be3 cxd4 14.cxd4 Qd7 15.dxe5 Nxe5
16.Qe4 Nxf3+ 17.Nxf3 Rd8 18.h4 O-O 19.h5 Qd5 20.Qa4 Qd7 21.Qb3 Nf5 22.hxg6
hxg6 23.Rfe1 Qf7 24.a4 Rd5 25.Qc4 Rfd8 26.b4 Bf8 27.g3 e5 28.Kg2 Rd3 29.Rac1
Qxc4 30.Rxc4 Rb3 31.b5 Rdd3 32.Rc7 g5 33.Rxa7 Nxe3+ 34.Rxe3 Rxe3 35.fxe3 Rxe3
36.Rc7 e4 37.Nd4 Rxg3+ 38.Kf2 Rd3 39.Ne6 Rd6 40.Rc6 Kf7 41.Nxf8 Rd5 42.Nh7
{#r} 1-0